Seminário: O mar: que formação? (Record no. 32525)

000 -Cabeçalho
Cabeçalho 00469nam 22001693 4500
001 - Identificador do registo
Identificador do registo 32525
090 ## - Número de controle KOHA
Número biblioitem KOHA 32525
100 ## - Dados gerais de processamento
Dados gerais de processamento 20260309d u||y0pory50 ba
101 ## - Língua da publicação
Língua do texto, banda sonora, etc. Português
200 ## - Título e menção de responsabilidade
Título próprio Seminário: O mar: que formação?
Primeira menção de responsabilidade Escola das Marinhas de Comércio e Pescas, Escola Náutica Infante D. Henrique
210 ## - Publicação, distribuição, etc.
Lugar da edição, distribuição, etc. Odivelas
Nome do editor, distribuidor, etc. Eper
215 ## - Descrição física
Tipo do material e extensão do item 282 p.
Dimensões 21 cm
317 ## - Nota de proveniência
Instituição e exemplar a que o campo se aplica IPMA
500 ## - Título uniforme
Título uniforme Seminário: O Mar: Que Formação?
606 ## - Nome comum usado como assunto
Subdivisão de assunto Mar
ID Autoridade 23703
801 ## - Fonte de origem
Regras de catalogação ISBD
942 ## - Informação adicional KOHA
Inibição de acesso no OPAC Não
Holdings
Situação do extravio Classificação interna Koha para ordenação Data de aquisição Número de registo Número interno Koha (auto-gerado) Biblioteca de aquisição Biblioteca de empréstimo Cota Fim da data de empréstimo Permissão de empréstimo Tipo de documento
  ESTANTE_2_PRAT_1_000000000000000 2026-03-09 10219 32497 Biblioteca da Sede Biblioteca da Sede Estante 2, Prat 1 2026-03-09   Monografias

Powered by Koha